000 00848nas a2200265 4500
001 BR9406298
003 BR-BrBNA
005 20231205093642.0
007 ta
008 230509b bl.|||p| |||| 00| 00por d
040 _aBR-BrBNA
_bpor
_cBiblioteca Nacional de Agricultura
041 _a(Pt)
072 _aH10
100 1 _aSoares, J.J.
100 1 _aLara, F.M.
245 1 _aResistencia do algodoeiro herbaceo a Anthonomus grandis Boheman, 1843 (Coleptera: Curculionidae)e interacao com inseticida
650 _aAlgodao Herbaceo
650 _aBicudo
650 _aControle Integrado
650 _aVariedade Resistente
650 _aInseticida
773 0 _tPesquisa Agropecuaria Brasileira (Brazil)
_xISSN 0100-204x
_g(Oct 1993), v. 28(10) p. 1129-1135
_wBR9406298
909 _a202311
_bLúcia
_c55
_dLúcia Elande
942 _2AGRIS
_n0
_cANA
999 _c139689
_d139689